Football Teams Managed By Roy Hodgson - Statistics

General Stats
  • This quiz has been taken 40 times
  • The average score is 8 of 21
Answer Stats
Answer % Correct
Crystal Palace
97%
Liverpool
89%
England
83%
Watford
75%
Fulham
72%
Inter Milan
50%
Switzerland
44%
West Bromwich Albion
44%
Blackburn Rovers
42%
Malmö FF
33%
Finland
31%
United Arab Emirates
22%
Copenhagen
17%
Udinese
17%
Bristol City
14%
Grasshoppers
14%
Neuchâtel Xamax
8%
Halmstads BK
6%
Viking
6%
IK Oddevold
3%
Örebro SK
3%
No matching quizzes found
Score Distribution
Percent of People with Each Score
Percentile by Number Answered
Your Score History
You have not taken this quiz